000 00933nam a22002537a 4500
999 _c4444
_d4444
003 AR-CdUCM
008 190308b ||||| |||| 00| 0 spa d
020 _a84-7031-005-4
040 _aMUNICIPALIDAD PROVINCIAL DEL CUSCO
_cBIBLIOTECA MUNICIPAL DEL CUSCO
082 _a725 /
_bH77
110 _aEDES - Empresa de proyectos y estudios técnicos, S. A.
_913979
245 _aHoteles :
_bAnálisis métrico y funcional del núcleo de habitaciones /
260 _aBarcelona :
_bBlume ;
_c1976.
300 _a125 páginas ;
_bCuadros, tablas, planos
_c29cm
505 _aContenido: 1. Análisis métrico y funcional del núcleo de habitaciones --
650 _aHoteles
_913980
650 _aHabitaciones
_913981
650 _aEdificación
_913982
700 _aAgustí Montalvo, Juan
_913983
700 _aSilva Betts, Enrique Da
_913984
700 _aMata Gorostizaga, José de la
_913985
942 _2ddc
_cLIBROS
945 _anom